Ian McKellen Movies by Picture - Statistics

General Stats
  • This quiz has been taken 108 times
  • The average score is 7 of 16
Answer Stats
Picture Answer % Correct
The Lord of the Rings: The Return of the King
97%
The Hobbit: An Unexpected Journey
93%
X-Men: The Last Stand
89%
Cats
84%
Beauty and the Beast
74%
His Dark Materials: The Golden Compass
57%
The Da Vinci Code
48%
Flushed Away
39%
The Magic Roundabout
24%
Mr. Holmes
19%
Richard III
17%
Gods and Monsters
14%
King Lear
10%
Apt Pupil
6%
All Is True
5%
The Good Liar
4%
No matching quizzes found
Score Distribution
Percent of People with Each Score
Percentile by Number Answered
Your Score History
You have not taken this quiz